Tottenham Hotspur F.C. Transfer Record - Statistics

General Stats
  • This quiz has been taken 2,522 times
    170 since last reset
  • The average score is 15 of 25
Answer Stats
Fee (£) Signed From Player % Correct
£65M Bournemouth Dominic Solanke
95%
£60M Everton Richarlison
85%
£43M VfL Wolfsburg Micky van de Ven
82%
£42.5M Atalanta Cristian Romero
81%
Leicester City James Maddison
81%
£55M West Ham United Mohammed Kudus
81%
£53.8M Lyon Tanguy Ndombele
81%
£51.8M RB Leipzig Xavi Simons
81%
£47.5M Nottingham Forest Brennan Johnson
71%
£34.5M Sporting CP Pedro Porro
70%
£40M Leeds United Archie Gray
66%
£25M Juventus Dejan Kulusevski
60%
£30M Bayern Munich Mathys Tel
59%
Juventus Rodrigo Bentancur
59%
Brighton & Hove Albion Yves Bissouma
57%
£27.2M Real Betis Giovani Lo Celso
50%
£25.8M Barcelona Emerson Royal
43%
£26M PSV Eindhoven Steven Bergwijn
43%
£36M Ajax Davinson Sánchez
41%
£26M A.S. Roma Érik Lamela
41%
Burnley Wilson Odobert
39%
Newcastle United Moussa Sissoko
37%
£26M Valencia Roberto Soldado
35%
Real Madrid Sergio Reguilón
34%
Fulham Ryan Sessegnon
33%
No matching quizzes found
Score Distribution
Percent of People with Each Score
Percentile by Number Answered
Your Score History
You have not taken this quiz since the last reset